Vector mechanics for engineers : (Record no. 182863)
[ view plain ]
| 000 -LEADER | |
|---|---|
| fixed length control field | 01567 a2200253 4500 |
| 003 - CONTROL NUMBER IDENTIFIER | |
| control field | Nust |
| 005 - DATE AND TIME OF LATEST TRANSACTION | |
| control field | 20221020114447.0 |
| 010 ## - LIBRARY OF CONGRESS CONTROL NUMBER | |
| LC control number | 88002917 |
| 020 ## - INTERNATIONAL STANDARD BOOK NUMBER | |
| International Standard Book Number | 0070799237 : |
| 040 ## - CATALOGING SOURCE | |
| Transcribing agency | Nust |
| 082 00 - DEWEY DECIMAL CLASSIFICATION NUMBER | |
| Classification number | 620.105,BEE |
| 100 1# - MAIN ENTRY--PERSONAL NAME | |
| Personal name | Beer, Ferdinand Pierre, |
| 9 (RLIN) | 37595 |
| 245 10 - TITLE STATEMENT | |
| Title | Vector mechanics for engineers : |
| Name of part/section of a work | Statics and dynamics / |
| Statement of responsibility, etc. | Ferdinand P. Beer, E. Russell Johnston, Jr. |
| 250 ## - EDITION STATEMENT | |
| Edition statement | 5th ed. |
| 260 ## - PUBLICATION, DISTRIBUTION, ETC. | |
| Place of publication, distribution, etc. | New York : |
| Name of publisher, distributor, etc. | McGraw-Hill, |
| Date of publication, distribution, etc. | c1988. |
| 300 ## - PHYSICAL DESCRIPTION | |
| Extent | xxii, 1026 p. : |
| Other physical details | ill. (some col.) ; |
| Dimensions | 24 cm. |
| 505 ## - FORMATTED CONTENTS NOTE | |
| Formatted contents note | Introduction (Page-1), Statics of Particles (Page-14), Rigid Bodies: Equivalent Systems of Forces (Page-59), Equilibrium of Rigid Bodies (Page-126), Distributed Forces: Centroids and Centres of Gravity (Page-170), Analysis of Structures (Page-222), Forces in Beams and Cables (Page-276), Friction (Page-317), Distributed Forces: Moments of Inertia (Page-363), Method of Virtual Work (Page-426), Kinematic of Particles (Page-459), Kinetics of Particles: Newton’s Second Law (Page-525), Kinetics of Particles: Energy and Momentum Methods (Page-573), Systems of Particles (Page-652), Kinematic of Rigid Bodies (Page-702), Plane Motion of Rigid Bodies: Forces and Accelerations (Page-784), Plane Motion of Rigid Bodies: Energy and Momentum Methods (Page-835), Kinetics of Rigid Bodies in Three Dimensions (Page-890), Mechanical Vibrations (Page-942) |
| 650 #0 - SUBJECT ADDED ENTRY--TOPICAL TERM | |
| Topical term or geographic name entry element | Dynamics. |
| 650 #0 - SUBJECT ADDED ENTRY--TOPICAL TERM | |
| Topical term or geographic name entry element | Mechanics, Applied. |
| 650 #0 - SUBJECT ADDED ENTRY--TOPICAL TERM | |
| Topical term or geographic name entry element | Statics. |
| 650 #0 - SUBJECT ADDED ENTRY--TOPICAL TERM | |
| Topical term or geographic name entry element | Vector analysis. |
| 700 1# - ADDED ENTRY--PERSONAL NAME | |
| Personal name | Johnston, E. Russell |
| Dates associated with a name | 1925- |
| 9 (RLIN) | 100964 |
| 942 ## - ADDED ENTRY ELEMENTS (KOHA) | |
| Source of classification or shelving scheme | |
| Koha item type | Book |
| Withdrawn status | Lost status | Source of classification or shelving scheme | Damaged status | Not for loan | Permanent Location | Current Location | Shelving location | Date acquired | Full call number | Barcode | Date last seen | Price effective from | Koha item type | Public note |
|---|---|---|---|---|---|---|---|---|---|---|---|---|---|---|
| Military College of Signals (MCS) | Military College of Signals (MCS) | General Stacks | 12/12/2016 | 620.105,BEE | MCS6520 | 12/08/2016 | 12/12/2016 | Book | Almirah No.27, Shelf No.3 |
